|
|
|
|
| LEADER |
00000nam0a2200000 4500 |
| 001 |
682312 |
| 005 |
20260227112704.0 |
| 010 |
|
|
|a 5-7654-4529-2
|
| 090 |
|
|
|a 682312
|
| 100 |
|
|
|a 20251015d2005 m||y0rusy5002 ca
|
| 101 |
0 |
|
|a rus
|
| 102 |
|
|
|a RU
|
| 105 |
|
|
|a a z 001yb
|
| 181 |
|
0 |
|a i
|b e
|
| 182 |
|
0 |
|a n
|
| 183 |
|
0 |
|a nc
|2 RDAcarrier
|
| 200 |
1 |
|
|a Екатерина II. Алмазная Золушка
|f Александр Бушков
|
| 203 |
|
|
|a Текст
|b визуальный
|c непосредственный
|
| 210 |
|
|
|a Санкт-Петербург
|a Москва
|c Нева
|d 2005
|
| 215 |
|
|
|a 565 с.
|c ил.
|
| 283 |
|
|
|a volume
|2 RDAcarrier
|
| 320 |
|
|
|a Библиография: с. 334-338
|
| 330 |
|
|
|a В своей книге Александр Бушков исследует новую эпоху российской истории - время правления Екатерины Великой. Автор не без оснований считает годы ее царствования самыми славными для России. Время, наполненное великим смыслом и эпохальными событиями, небывалым триумфом культуры и просвещения, время укрепления славы и могущества России. И все это благодаря Великой Женщине, сидевшей на троне, -Императрице, и в то же время Золушке... Такой Екатерины II, портрет которой создан А. Бушковым, вы еще не знали.
|
| 600 |
|
0 |
|a Екатерина Великая
|d II
|f 1729-1796
|c российская императрица с 1762
|c урожденная Софья Фредерика Августа Анхельт-Цербстская
|2 stltpui
|3 (RuTPU)RU\TPU\pers\98
|
| 606 |
|
|
|a Деятели политические и государственные
|x Персоналии
|y Россия
|z 1762-1801
|9 89188
|
| 610 |
1 |
|
|a монархия
|
| 610 |
1 |
|
|a история
|
| 610 |
1 |
|
|a императрицы
|
| 610 |
1 |
|
|a 18 век
|
| 686 |
|
|
|a Т3(2)513
|2 rubbk
|
| 700 |
|
1 |
|a Бушков
|b А. А.
|g Александр Александрович
|
| 801 |
|
0 |
|a RU
|b 63413507
|c 20251015
|
| 942 |
|
|
|c BK
|